000
00309nam a2200133Ia 4500
008
150301s2005 xx 000 0 und d
082
_a
648
_b
SIN
100
_a
SINGH, RK
245
_a
ORGANISATION OF HOUSEKEEPING MGMT
250
_a
1ST
260
_b
AMAN PUB. DELHI
_c
2005
300
_a
305
942
_2
ddc
_c
BK
999
_c
7013
_d
7013